Library of the University of Algiers 3
Ibrahim Sultan Cheibout
شعار جامعة الجزائر 3
مكتبة جامعة الجزائر 3
إبراهيم سلطان شيبوط

الجديد في المحاسبة الضريبية / (رقم التسجيلة. 45672)

تفاصيل مارك
000 -LEADER
fixed length control field 01433nam a2200241Ia 4500
003 - CONTROL NUMBER IDENTIFIER
control field Ost
005 - DATE AND TIME OF LATEST TRANSACTION
control field 20260507075654.0
008 - FIXED-LENGTH DATA ELEMENTS--GENERAL INFORMATION
fixed length control field 260507s9999||||xx |||||||||||||| ||und||
020 ## - INTERNATIONAL STANDARD BOOK NUMBER
International Standard Book Number 9957114697
040 ## - CATALOGING SOURCE
Transcribing agency fsecg
041 ## - LANGUAGE CODE
Language code of text/sound track or separate title ara
082 ## - DEWEY DECIMAL CLASSIFICATION NUMBER
Classification number 657.46
100 ## - MAIN ENTRY--PERSONAL NAME
Personal name عدي، عفانة
Relator term مؤلف
245 #0 - TITLE STATEMENT
Title الجديد في المحاسبة الضريبية /
Statement of responsibility, etc. عفانة عدي
260 ## - PUBLICATION, DISTRIBUTION, ETC.
Place of publication, distribution, etc. عمان:
Name of publisher, distributor, etc. دار وائل,
Date of publication, distribution, etc. 2004
300 ## - PHYSICAL DESCRIPTION
Extent 498 صفحة؛
Other physical details إيضاحات ؛
Dimensions 24 سم
504 ## - BIBLIOGRAPHY, ETC. NOTE
Bibliography, etc. note المراجع ص.495
520 ## - SUMMARY, ETC.
Summary, etc. مدخل لدراسة ضريبة الدخل: ضريبة الدخل في الأردن، التعريف بقانون ضريبة الدخل في الأردن، تقدير ضريبة الموظفين والمستخدمين، تقدير الضريبة المقطوعة، التقدير الضريبي على المكلفين في مديريات ضريبة الدخل في حالة عدم مسك حسابات أصولية، التقدير الضريبي على المكلفين في مديريات ضريبة الدخل في حالة مسك حسابات أصولية، التقدير الضريبي على مديرية الشركات المساهمة، مواضيع متقدمة في المحاسبة الضريبية.
653 ## - INDEX TERM--UNCONTROLLED
Uncontrolled term الضرائب
653 ## - INDEX TERM--UNCONTROLLED
Uncontrolled term المحاسبة الضريبية
700 ## - ADDED ENTRY--PERSONAL NAME
Personal name القطاونة، عادل
Relator term مؤلف ثانوي
942 ## - ADDED ENTRY ELEMENTS (KOHA)
Koha item type كتب

لا توجد مواد متاحة.

موارد الويب المفتوحة


© University of Algiers 3 All Rights Reserved
|
Implemented by LECHELAH Riad